Дело об устройстве в городе Санкт-Петербурге второго съезда русских юристов

Доступно только в Электронных читальных залах Найти на картеНа карте
RUSMARC
00003715nmc2a22000003x 450
00176e6f9ff-e307-4961-86e3-12b45719161c
00520180605120057.0
100##$a20160330l18961905k l0rusy0189 ca
1010#$arus
102##$aRU
2001#$aДело об устройстве в городе Санкт-Петербурге второго съезда русских юристов
$j20 февраля 1896 г. - 27 ноября 1905 г.
251##$cДело
300##$aДело
801#0$aRU
$bРГИА
$c20160330
$gRCR
801#1$aRU
$bГлавНИВЦ
$c20160330
$2rusmarc
801#2$aRU
$bПБ им. Б.Н. Ельцина
$c20180605
$gRCR
$2rusmarc
850##$aРГИА
852##$aРГИА
$eФедеральное казенное учреждение "Российский государственный исторический архив" (РГИА)
$j7
937##$hРГИА
$d12194983
$aASBIBLIO_SCAN
462#0$100180a537cc-7fe7-40e1-9d81-48274bc26f82
$12001
$aДела по ученым учреждениям Департамента народного просвещения за 1896-1903 гг.
$1251
$cОпись
$1852
$j143
461#0$1001a74412a3-3cc5-4d21-8f0a-dfe2fbd9e72d
$12001
$aДепартамент народного просвещения Министерства народного просвещения (1803-1917)
$1251
$cФонд
$1852
$j733
215##$a82 л.
$d36,5х26 см
371##$aДокумент не является опубликованным и широко распространяемым
105##$ay###
1222#$ad
035##$a76e6f9ff-e307-4961-86e3-12b45719161c
856##$uhttp://readingroom.main.prlib.ru/item.aspx?id_node=n115846414&mode=full
Формат отображения